Management of plant genetic resources (Record no. 53014)

MARC details
000 -LEADER
fixed length control field 00487nam a2200121Ia 4500
100 ## - MAIN ENTRY--AUTHOR NAME
Personal name Varghese Y.A.
245 #0 - TITLE STATEMENT
Title Management of plant genetic resources
260 ## - PUBLICATION, DISTRIBUTION, ETC. (IMPRINT)
Name of publisher Proceedings of the National Seminar on Biodiversity Conservation and Environment Management, 22-24 January 2004. (Ed. George Koshy). Catholicate College, Pathanamthitta, India, pp. 8-28.
Year of publication 2004
650 ## - SUBJECT ADDED ENTRY--TOPICAL TERM
Topical Term Genetic diversity
650 ## - SUBJECT ADDED ENTRY--TOPICAL TERM
Topical Term Genetic resource
942 ## - ADDED ENTRY ELEMENTS (KOHA)
Koha item type Bibliography STAF
Holdings
Withdrawn status Lost status Damaged status Not for loan Home library Current library Date acquired Koha item type
      Bibliography RRII Library RRII Library 09/04/2014 Bibliography STAF